000 01148nam0a22002891 4500
001 rc\884338
005 20041129093825.2
035 _a(NLR Aleph) 006061535
090 _a4914379
_c4914379
100 _a20041129d1983 u |0rusy50 ca
101 0 _arus
102 _aRU
105 _aa |||||||||
200 1 _aК теории образования зародышей в сплавах при магнитных фазовых переходах первого рода
_fА.Ю. Гаевский, А.И. Устинов, К.В. Чуистов
210 _aКиев
_cИМФ
_d1983
215 _a33 с.
_cил.
_d20
225 1 _aПрепринт
_fАН УССР, Ин-т металлофизики
_v5.83
300 _aРез. на англ. яз.
320 _aБиблиогр.: с. 32-33
700 1 _aГаевский
_bА. Ю.
_gАлександр Юльевич
701 1 _aУстинов
_bА. И.
_gАнатолий Иванович
701 1 _aЧуистов
_bК. В.
_gКонстантин Владимирович
801 0 _aRU
_bNLR
_gpsbo
801 1 _aRU
_bELAR
_2rusmarc
852 _aNLR
_j84-4/23941
942 _cBOOK
980 _aNB